| 000 | 00610nam a2200205 a 4500 | ||
|---|---|---|---|
| 005 | 20230914063606.0 | ||
| 008 | 181116s2017 mx r 000 0 spa d | ||
| 020 | _a9786077457442 | ||
| 035 | _aUPN01000227868 | ||
| 049 | _aCG | ||
| 050 | 4 |
_aPQ7298.413 A8.8 _bC3.5 |
|
| 100 | 1 |
_aCastro, Raquel _942624 |
|
| 245 | 1 | 0 |
_aCambiamos para ser más como somos / _cRaquel Castro ; il. Carlos Angoa. |
| 260 |
_aCiudad de México : _bSecretaría de Cultura, _c2017. |
||
| 300 |
_a64 p. : _bil. |
||
| 500 | _aDatos tomados de la cubierta | ||
| 650 | 4 |
_aEnsayos mexicanos _97886 |
|
| 905 | _aLibro | ||
| 999 |
_c199963 _d199963 |
||